Normal view
MARC view
Entry Nombre de reunión
001 - NÚMERO DE CONTROL
- campo de control: 19677
003 - IDENTIFICADOR DEL NÚMERO DE CONTROL
- campo de control: OSt
005 - FECHA Y HORA DE LA ÚLTIMA TRANSACCIÓN
- campo de control: 20200615032702.0
008 - DATOS DE LONGITUD FIJA
- campo de control de longitud fija: 200615|| aca||aabn | a|a d
040 ## - FUENTE DE LA CATALOGACIÓN
- Centro catalogador/agencia de origen: OSt
- Centro/agencia transcriptor: OSt
111 ## - ENCABEZAMIENTO--NOMBRE DE CONGRESO/REUNIÓN
- Nombre de congreso/reunión o jurisdicción como elemento de entrada: Seminario Taller Universidad Cultura y Evangelización
- Número del congreso/reunión o número de parte o sección: (22-25 de marzo
- Fecha del congreso/reunión: 1988:
- Sede del congreso/Lugar de la reunión: Santiago de los caballeros, República Dominicana )
670 ## - FUENTE DE DATOS ENCONTRADOS
- Cita de la fuente: Work cat.: (OSt)6863: Seminario Taller Universidad Cultura y Evangelización (22-25 de marzo 1988: Santiago de los caballeros, República Dominicana ), Universidad, cultura y evangelización /, 1989.
